[Event "2nd International Chess Festiv"]
[Site "Paracin"]
[Date "2009.08.20"]
[Round "3.33"]
[White "Mladenovic, Stefan"]
[Black "Blazeka, Djuro"]
[Result "1-0"]
[WhiteElo "1978"]
[BlackElo "1928"]
[PlyCount "107"]
[EventDate "2009.08.19"]

1. e4 e5 2. Nf3 Nc6 3. Bb5 a6 4. Ba4 Nf6 5. O-O Be7 6. Re1 b5 7. Bb3 O-O 8. h3
d6 9. c3 Na5 10. Bc2 c5 11. d4 Qc7 12. d5 Bd7 13. Nbd2 c4 14. Nf1 Nb7 15. Ng3
Nc5 16. Bg5 h6 17. Be3 Rfe8 18. Qd2 Bf8 19. Nh4 Nh7 20. Nhf5 Bxf5 21. Nxf5 f6
22. Qe2 Rac8 23. Qg4 Kh8 24. Nh4 Qd7 25. Nf5 Qf7 26. Bd2 h5 27. Qg3 Be7 28. Bd1
g6 29. Nh6 Qg7 30. h4 Nd3 31. Rf1 Nxb2 32. Bc2 Nd3 33. Bxd3 cxd3 34. Qxd3 Rc4
35. a4 Rec8 36. axb5 axb5 37. Ra7 Qf8 38. Qg3 Qd8 39. Rb1 R8c7 40. Rxc7 Rxc7
41. Rxb5 Bf8 42. Rb6 Rd7 43. c4 Bxh6 44. Bxh6 Nf8 45. Bxf8 Qxf8 46. Qxg6 Rg7
47. Qxh5+ Rh7 48. Qg4 Rg7 49. Qf5 Rh7 50. Rc6 Qh6 51. Rc8+ Kg7 52. Qg4+ Kf7 53.
Qg8+ Ke7 54. Qe6# 1-0

[Event "2nd International Chess Festiv"]
[Site "Paracin"]
[Date "2009.08.20"]
[Round "3.38"]
[White "Bozilov, Novica"]
[Black "Markovic, Predrag M"]
[Result "1-0"]
[WhiteElo "2054"]
[BlackElo "1773"]
[PlyCount "75"]
[EventDate "2009.08.19"]

1. e4 Nf6 2. e5 Nd5 3. c4 Nb6 4. d4 d6 5. exd6 cxd6 6. Nc3 Nc6 7. Be2 g6 8. Be3
Bg7 9. Rc1 O-O 10. Nf3 Bg4 11. b3 e5 12. dxe5 dxe5 13. Qxd8 Raxd8 14. Bc5 Rfe8
15. Nb5 Bh6 16. Rd1 Rxd1+ 17. Bxd1 e4 18. Nfd4 Bxd1 19. Kxd1 Nxd4 20. Nxd4 Nd7
21. Bxa7 Ne5 22. Kc2 Ng4 23. Nb5 e3 24. Bxe3 Bxe3 25. Re1 Re6 26. h3 Ba7 27.
Rxe6 fxe6 28. hxg4 Bxf2 29. Kd3 Kg7 30. a4 Kh6 31. Nd6 Bb6 32. Nxb7 Kg5 33. c5
Bc7 34. a5 Kf4 35. a6 Bb8 36. c6 e5 37. a7 e4+ 38. Ke2 1-0

[Event "2nd International Chess Festiv"]
[Site "Paracin"]
[Date "2009.08.20"]
[Round "3.39"]
[White "Vucinic, Gojko"]
[Black "Maljevic, Dimitrije"]
[Result "1-0"]
[WhiteElo "1937"]
[BlackElo "1621"]
[PlyCount "67"]
[EventDate "2009.08.19"]

1. e4 c6 2. d4 d5 3. f3 Qb6 4. Nc3 dxe4 5. Nxe4 Bf5 6. Ne2 Nd7 7. N2g3 Bg6 8.
c3 Ngf6 9. Bc4 e6 10. O-O Be7 11. Bf4 O-O 12. Qd2 Nd5 13. Bd6 Bxd6 14. Nxd6
N7f6 15. Nge4 Qc7 16. Bb3 Rad8 17. c4 Nxe4 18. Nxe4 Ne7 19. Qf2 Nf5 20. Rad1
Qb6 21. c5 Qb4 22. Rd3 Rd7 23. Rfd1 Rfd8 24. a3 Qb5 25. g4 Ne7 26. Qg3 Nd5 27.
h4 Nf6 28. Qf4 h5 29. gxh5 Nxh5 30. Qg5 b6 31. Bxe6 fxe6 32. Qxg6 Nf4 33. Nf6+
Kh8 34. Qh7# 1-0

[Event "2nd International Chess Festiv"]
[Site "Paracin"]
[Date "2009.08.20"]
[Round "3.40"]
[White "Kasparova, Yeva"]
[Black "Gagic, Miroljub"]
[Result "1/2-1/2"]
[WhiteElo "1778"]
[BlackElo "1895"]
[PlyCount "45"]
[EventDate "2009.08.19"]

1. Nf3 d5 2. d4 Nf6 3. e3 e6 4. c4 c5 5. Nc3 Nc6 6. cxd5 exd5 7. Bb5 a6 8.
Bxc6+ bxc6 9. O-O Bd6 10. b3 O-O 11. Bb2 Bg4 12. dxc5 Bxc5 13. Rc1 Bd6 14. Na4
Rc8 15. Nc5 a5 16. Nb7 Qc7 17. Nxd6 Qxd6 18. Bxf6 Qxf6 19. Qd4 Bxf3 20. Qxf6
gxf6 21. gxf3 c5 22. Rfd1 Rfd8 23. Rd2 1/2-1/2